000
00303nam a2200121Ia 4500
008
231129s2015||||xx |||||||||||||| ||spa||
082
_a
ER- 009
100
_a
Academia Pereirana de Historia
245
0
_a
Corregimiento La Bella- Pereira
260
_c
2015
264
_a
[sin editorial]
942
_2
ddc
_c
BKS
999
_c
8137
_d
8137